Pouštěj svůj chléb po vodě ...
Nezisková práca negeneruje zisk, často je fyzicky namáhavá, psychicky náročná a existenčne neistá. Napriek tomu sa jej venuje mnoho ľudí a mnohí z nich ju robia na vysokej profesionálnej úrovni. Motivácia a ľudia neziskového sektora. Životný cyklus zamestnanca v neziskovom sektore.
Guardado en:
| Autor principal: | |
|---|---|
| Formato: | Capítulo de libro |
| Lenguaje: | checo |
| Materias: | |
| Etiquetas: |
Sin Etiquetas, Sea el primero en etiquetar este registro!
|
MARC
| LEADER | 00000naa a2200000 4500 | ||
|---|---|---|---|
| 001 | 0117485 | ||
| 005 | 20231113132300.0 | ||
| 041 | 0 | |a cze | |
| 044 | |a CZ | ||
| 245 | 1 | 0 | |a Pouštěj svůj chléb po vodě ... |c Barbara Resnerová |
| 520 | |a Nezisková práca negeneruje zisk, často je fyzicky namáhavá, psychicky náročná a existenčne neistá. Napriek tomu sa jej venuje mnoho ľudí a mnohí z nich ju robia na vysokej profesionálnej úrovni. Motivácia a ľudia neziskového sektora. Životný cyklus zamestnanca v neziskovom sektore. | ||
| 610 | 2 | 0 | |a organizácie neziskové |
| 610 | 2 | 0 | |a zamestnanci |
| 610 | 2 | 0 | |a motivácia pracovná |
| 100 | 1 | |a Resnerová, Barbara | |